000 00684nam a2200169 a 4500
001 BRCA_2051
005 20190320203641.0
008 050808s1981----mx-a---###---#000-0#spa-#
020 _a9685801312
050 4 _aR466
_b.M84 1981
245 1 0 _aUna muestra de la influencia francesa en la medicina mexicana.
260 _aMéxico
_bUNAM, Facultad de Medicina, Coordinación de Humanidades, Centro de Investigaciones y Servicios Museológicos
_c1981
300 _a22 p.
_bil.
_c24 cm.
500 _aCatálogo de la exposición realizada en la UNAM, Facultad de Medicina (Ciudad de México), mayo - julio, 1981
650 1 4 _aMedicina
_xInfluencias francesas
_zMéxico
_96257
942 _2lcc
_cB
999 _c1815
_d1815